|
|
|
|
| LEADER |
01569nam a2200409Ia 4500 |
| 001 |
EBC1214953 |
| 003 |
MiAaPQ |
| 005 |
20200520144314.0 |
| 006 |
m o d | |
| 007 |
cr cn||||||||| |
| 008 |
060609s2006 enka sb 001 0 eng d |
| 010 |
|
|
|z 2006045832
|
| 020 |
|
|
|z 1860946690
|
| 020 |
|
|
|z 9781860946691
|
| 020 |
|
|
|z 9781860948893
|
| 035 |
|
|
|a (MiAaPQ)EBC1214953
|
| 035 |
|
|
|a (Au-PeEL)EBL1214953
|
| 035 |
|
|
|a (CaPaEBR)ebr10699098
|
| 035 |
|
|
|a (CaONFJC)MIL186745
|
| 035 |
|
|
|a (OCoLC)815742085
|
| 040 |
|
|
|a MiAaPQ
|c MiAaPQ
|d MiAaPQ
|
| 050 |
|
4 |
|a HF5415.153
|b .I586 2006
|
| 082 |
0 |
4 |
|a 658.5/75
|2 22
|
| 245 |
0 |
0 |
|a Involving customers in new service development
|h [electronic resource] /
|c editors, Bo Edvardsson ... [et al.].
|
| 260 |
|
|
|a London :
|b Imperial College Press ;
|a Hackensack, NJ ;
|a London :
|b Distributed by World Scientific Publishing Co.,
|c c2006.
|
| 300 |
|
|
|a viii, 323 p. :
|b ill.
|
| 490 |
0 |
|
|a Series on technology management ;
|v v. 11
|
| 504 |
|
|
|a Includes bibliographical references and index.
|
| 533 |
|
|
|a Electronic reproduction. Ann Arbor, MI : ProQuest, 2015. Available via World Wide Web. Access may be limited to ProQuest affiliated libraries.
|
| 650 |
|
0 |
|a New products
|x Management.
|
| 650 |
|
0 |
|a Customer relations.
|
| 650 |
|
0 |
|a Service industries
|x Management.
|
| 650 |
|
0 |
|a Creative ability in business.
|
| 655 |
|
4 |
|a Electronic books.
|
| 700 |
1 |
|
|a Edvardsson, Bo,
|d 1952-
|
| 710 |
2 |
|
|a ProQuest (Firm)
|
| 856 |
4 |
0 |
|u https://ebookcentral.proquest.com/lib/matrademy/detail.action?docID=1214953
|z Click to View
|